[Event "Guernsey International Chess Festival 2"]
[Site "?"]
[Date "2019.10.26"]
[Round "7.29"]
[White "Le Maitre, Richard"]
[Black "Kirkwood, Robin"]
[Result "1/2-1/2"]
[WhiteElo "1351"]
[BlackElo "1628"]
[PlyCount "88"]
[EventDate "2019.??.??"]

1. d4 b6 2. e4 Bb7 3. Nc3 g6 4. Nf3 Bg7 5. Be3 e6 6. Bd3 Ne7 7. Qd2 h6 8. O-O
d6 9. Rfe1 Nd7 10. Bb5 a6 11. Bd3 g5 12. Qe2 Ng6 13. Rad1 Nf4 14. Bxf4 gxf4 15.
Qd2 e5 16. d5 h5 17. b4 h4 18. h3 Nf6 19. b5 a5 20. a4 Bc8 21. Bf1 Nh7 22. Nh2
Ng5 23. Qe2 Qf6 24. Ng4 Qg6 25. Qc4 Bd7 26. f3 Rc8 27. Qd3 f5 28. exf5 Bxf5 29.
Qe2 Bxc2 30. Rc1 Bf5 31. Qc4 O-O 32. Ne4 Nxe4 33. fxe4 Bxg4 34. hxg4 Qxg4 35.
Be2 Qg5 36. Bf3 h3 37. Qf1 Rf6 38. Kf2 Qg3+ 39. Ke2 hxg2 40. Qxg2 Rg6 41. Rg1
Bh6 42. Qf2 Qxf2+ 43. Kxf2 Rg3 44. Rc6 Rxg1 1/2-1/2